000 00599nam a2200193Ia 4500
005 20250508165322.0
008 008 250505s9999 xx 000 0 eng d
037 _aDissertations
040 _aFEDL
_beng
_cFEDL
041 _aeng
_2eng
084 _a372.104 22, MAH/DI
_qFEDL
100 _aMahajan Shuchita
_9780488
245 0 _aStudy of ability grouping at primary level: Case of a private school
260 _c2013
300 _a74p.
546 _aM.Ed. Dissertation, (Delhi University); C D Included
942 _cDIS
_h372.104 22, MAH/DI
999 _c1394428
_d1394428